| 000 | 00392cam a22001337a 4500 | ||
|---|---|---|---|
| 008 | 180718b1958 xxu||||| |||| 00| 0 eng d | ||
| 082 | _aD W149 | ||
| 100 | _aWales, Peter | ||
| 245 |
_aWorld affairs since 1919: Versailler to the Korean truce, July 1953 _cby Peter |
||
| 260 |
_aLondon _bMethuen _c1958 |
||
| 300 | _a189p | ||
| 650 | _aWorld politics | ||
| 650 | _aHistory, Modern --20th century | ||
| 999 |
_c424105 _d424105 |
||